000 01098nas a2200289 4500
001 BR8103399
003 BR-BrBNA
005 20231205084751.0
007 ta
008 230509b bl.|||p| |||| 00| 00por d
040 _aBR-BrBNA
_bpor
_cBiblioteca Nacional de Agricultura
041 _a(Pt)
072 _aH10
100 1 _aBastos, J.A.M.
100 1 _aFigueiredo, R.W. de
100 1 _aThe, F. de W.
245 1 _aBroca das estacas de manicoba, Sternocoelus manihoti (Mshl)(Col.: Curculionidae)em casa de vegetacao do Centro de Ciencias Agrarias, Fortaleza, Ceara, Brasil [Manihot glaziovii]
246 1 _aIncidence of manicoba stalk borer, Sternocoelus manihoti (Mshl)(Col.: Curculionidae in the vegetation house in the Centre of Agricultural Sciences in Fortaleza, Ceara, Brazil [Manihot glaziovii]
650 _aPraga de planta
650 _aManicoba
650 _aBroca
650 _aFortaleza
650 _aCeara
773 0 _tFitossanidade (Brazil)
_xISSN 0100-4204
_g(Dec 1980), v. 4(1) p. 9
_wBR8103399
909 _a202311
_bLúcia
_c55
_dLúcia Elande
942 _2AGRIS
_n0
_cANA
999 _c107163
_d107163